000 02577 a2200265 4500
001 46087
005 20260407155734.0
008 260407a2014 arg spa d
003 AR-UNSa-BCEJYS
040 _aAR-UNSa-BCEJYS
_bspa
_cAR-UNSa-BCEJYS
080 _a314.17
_xFactores de los fenómenos demográficos y sus efectos en el desarrollo social y económico
245 1 0 _aCairo+20
_pperspectiva de la agenda de población y desarrollo sostenible después de 2014
020 _a978-85-62016-19-6
264 1 _aRío de Janeiro :
_bALAP(Asociación latinoamericana de Población)
_c2014
300 _a302 p.
_c22 cm.
505 _a1. As posições da OMS nas conferências de populaçâo da ONU nos últimos 50 años / Elza Berquó – 2. Legados do Cairo: para além da “mesmice”? / Sonia Corrêa – 3. Logros y retos de la agenda de población y desarrollo en América Latina y el Caribe dos décadas después de El Cairo / Juan José Calvo – 4. Populçâo e desenvolvimiento / Ricardo Paes de Barros, Diana Coutinho e Rosane Mendonça – 5. As políticas de desenvolvimiento socialo e combate á fome e seus efeitos sociodemográficos no Brasil: experiências para fortalecimiento da agenda da CIPD / Paulo de Martino Jannuzzi – 6. Reflexiones en torno a una agenda de población y desarrollo más allá de 2014: principios inalterados, realidades novedosas / Rogelio Fernández Castilla – 7. A dinâmica populacional e a agenda de população e desenvolvimento sustentável / Suzana Cavenaghi – 8. Mortalidade juvenil na América Latina : evidências demográficas e desafios políticos / Joice Melo Vieira e Tirza Aidar – 9. El auge de la cohabitación y otras transformaciones familiares en América Latina, 1970-2010 / Antonio López-Gay y Albert Esteve – 10. Las desigualdades socioeconómicas de la desnutrición infantil crónica en América Latina y el Caribe / Víctor Arocena Canazas – 11. De vuelta al futuro : la dinámica demográfica prevista en El Cairo para 2014 / Laura L. Rodriguez Wong, Juliana Vasconcelos S. Barros y Gabriela M. O. Bonifacio – 12. Diferenciais no acesso e uso de métodos contraceptivos modernos : Colômbia, Perú e Honduras / André Junqueira Caetano.
041 _aspa
942 _cBK
590 _aniveau_biblio:m niveau_hierar:0
100 1 _aDiniz Alves, José Eustáquio
700 1 _aRodríguez Wong, Laura
700 1 _aRodríguez Vignoli, Jorge
700 1 _aMaldonado Turra, Cássio
856 4 1 _uhttps://www.biblioeco.unsa.edu.ar/pmb/images/libros/L127324.jpg
_yImagen de portada
_qimage/jpeg
999 _c4152
_d4152